| 000 | 01218nas a2200349 4500 | ||
|---|---|---|---|
| 001 | BR2013009446 | ||
| 003 | BR-BrBNA | ||
| 005 | 20231205123329.0 | ||
| 007 | ta | ||
| 008 | 230509b bl.|||p| |||| 00| 00por d | ||
| 040 |
_aBR-BrBNA _bpor _cBiblioteca Nacional de Agricultura |
||
| 041 | _a(Pt) | ||
| 072 | _aQ80; J12 | ||
| 100 | 1 | _aMatos, V.P. | |
| 100 | 1 | _aFerreira, E.G.B. de S. | |
| 100 | 1 | _aFerreira, R.L.C. | |
| 100 | 1 | _aSena, L.H. de M. | |
| 100 | 1 | _aSales, A.G. de F.A. | |
| 245 | 1 | _aEfeito do tipo de embalagem e do ambiente de armazenamento sobre a germinação e o vigor das sementes de Apeiba tibourbou AUBL. | |
| 246 | 1 | _aEffect of the type of packing and the environment of storage on the germination and the vigor of Apeiba tibourbou Aubl. seeds | |
| 650 | _aÁRVORE | ||
| 650 | _aSEMENTE | ||
| 650 | _aFLORESTA | ||
| 650 | _aEMBALAGEM | ||
| 650 | _aARMAZENAMENTO | ||
| 650 | _aGERMINAÇÃO | ||
| 650 | _a | ||
| 773 | 0 |
_tRevista Árvore (Brazil) _xISSN 0100-6762 _g(Jul-aug 2008), v. 32(4) p. 617-625 _wBR2013009446 |
|
| 856 | 4 |
_uhttp://www.scielo.br/pdf/rarv/v32n4/a02v32n4.pdf _yRecurso eletrônico (PDF) |
|
| 909 |
_a202311 _bLúcia _c55 _dLúcia Elande |
||
| 942 |
_2AGRIS _n0 _cANA |
||
| 999 |
_c233362 _d233362 |
||